Hablando con mi gente / (Registro nro. 13955)
[ vista simple ]
| 000 -LIDER | |
|---|---|
| fixed length control field | 01060nam a2200289 u 4500 |
| 001 - NÚMERO DE CONTROL | |
| Identificador de número de control | |
| 003 - IDENTIFICACDOR DE NÚMERO DE CONTROL | |
| control field | DO-SdBNP |
| 005 - DATE AND TIME OF LATEST TRANSACTION | |
| control field | 20220118105145.0 |
| 008 - ELEMENTOS DE LONGITUD FIJA | |
| fixed length control field | 100809s2015 dr a 000 0 spa d |
| 020 ## - ISBN | |
| International Standard Book Number | 9789945167115 |
| 040 ## - FUENTE DE CATALOGACIÓN | |
| Agencia que crea de manera original el registro | DO-SdBNP |
| Idioma de catalogación | spa |
| Agencia que realiza la transcripción | BPMSU |
| 082 ## - NÚMERO DE CLASIFICACIÓN DECIMAL DE DEWEY | |
| Classification number | 927.92 |
| Item number | G216h 2015 |
| Edition number | 22 |
| 100 1# - ASIENTO PRINCIPAL -- NOMBRE PERSONAL | |
| Nombre personal | García Guerra, Iván, |
| Fechas asociadas con el nombre | 1938- |
| 245 10 - MENCIÓN DE TITULO | |
| Título | Hablando con mi gente / |
| Mención de responsabilidad | Iván García Guerra. |
| 260 ## - PUBLICACIÓN, DISTRIBUCIÓN, ETC. (PIE DE IMPRENTA) | |
| Lugar de publicación, distribución, etc | Santo Domingo : |
| Nombre del editor, distribuidor, etc. | Búho, |
| Fecha de publicación, distribución, etc | 2015. |
| 300 ## - DESCRIPCIÓN FÍSICA | |
| Extensión | 415 p. : |
| Otros detalles físicos | il. ; |
| Dimensiones | 26 cm. |
| 500 ## - NOTA GENERAL | |
| Nota general | Incluye datos biográficos del autor en las solapas |
| 500 ## - NOTA GENERAL | |
| Nota general | Incluye referencias bibliográficas y notas al pie de las páginas |
| 505 0# - NOTA DE CONTENIDO | |
| Texto normalizado de contenido | Sobre colegas y amigos -- Compromisos ocasionales -- Defendiendo nuestra dramaturgia -- La pareja Bosch Quidiello -- Temas diversos -- Sobre mí. |
| 590 ## - NOTA LOCAL | |
| Texto de la nota local | Inventariado, 2022/VM |
| 600 14 - ENCABEZAMIENTO DE MATERIA--NOMBRE PERSONAL | |
| Nombre personal | García Guerra, Iván, |
| Fechas asociadas con el nombre | 1938- |
| Subdivisión de forma | Entrevistas. |
| 650 #4 - ENCABEZAMIENTO DE MATERIA--TEMÁTICO | |
| Término temático o nombre geográfico como elemento de entrada | Teatro dominicano. |
| 650 #4 - ENCABEZAMIENTO DE MATERIA--TEMÁTICO | |
| Término temático o nombre geográfico como elemento de entrada | Teatro |
| Subdivisión temática general | Historia y crítica. |
| 650 #4 - ENCABEZAMIENTO DE MATERIA--TEMÁTICO | |
| Término temático o nombre geográfico como elemento de entrada | Ensayos dominicanos |
| 910 ## - VALIDACIÓN | |
| Validación | VMateo V. |
| 942 ## - ADDED ENTRY ELEMENTS (KOHA) | |
| Source of classification or shelving scheme | Dewey Decimal Classification |
| Koha item type | Libros |
| Withdrawn status | Lost status | Source of classification or shelving scheme | Damaged status | Not for loan | Collection code | Home library | Current library | Date acquired | Source of acquisition | Total Checkouts | Full call number | Barcode | Date last seen | Price effective from | Koha item type | Copy number |
|---|---|---|---|---|---|---|---|---|---|---|---|---|---|---|---|---|
| Dewey Decimal Classification | Colección Dominicana | Biblioteca Pública Metropolitana Salomé Ureña | Biblioteca Pública Metropolitana Salomé Ureña | 01/18/2022 | Editora Búho | BPMSU CD 927.92 G216h 2015 | BPMSU22010036 | 01/18/2022 | 01/18/2022 | Libros | ||||||
| Dewey Decimal Classification | Colección Dominicana | Biblioteca Pública Metropolitana Salomé Ureña | Biblioteca Pública Metropolitana Salomé Ureña | 01/18/2022 | Editora Búho | BPMSU CD 927.92 G216h 2015 | BPMSU22010037 | 01/18/2022 | 01/18/2022 | Libros | e.2 |